All Carcharodontosaurs - Statistics

General Stats
  • This quiz has been taken 4 times
  • The average score is 10 of 19
Answer Stats
Name Meaning Name % Correct
Shark-Toothed Lizard Carcharodontosaurus
100%
Giant Southern Lizard Giganotosaurus
100%
Tyrant Titan Tyrannotitan
100%
High-Spined Lizard Acrocanthosaurus
75%
Hump-Backed Hunter Concavenator
75%
Bull Hunter Taurovenator
75%
Dawn Shark Eocarcharia
50%
Lajas Hunter Lajasvenator
50%
Earth Lizard Mapusaurus
50%
New Hunter Neovenator
50%
Eye of Sauron Sauroniops
50%
Wakino Lizard Wakinosaurus
50%
Kelmayi Lizard Kelmayisaurus
25%
Portuguese Hunter Lusovenator
25%
Mythical Dragon Meraxes
25%
Tameri Thief Tameryraptor
25%
Ulugh Beg’s Lizard Ulughbegsaurus
25%
Shark-Toothed Dragon Shaochilong
0%
Old Saw Lizard Veterupristisaurus
0%
No matching quizzes found
Score Distribution
Percent of People with Each Score
Percentile by Number Answered
Your Score History
You have not taken this quiz